[Event "Schachbundesliga 2013/2014"]
[Site "?"]
[Date "2014.03.15"]
[Round "11.3"]
[White "Jorczik, Julian"]
[Black "Bulski, Krzysztof"]
[Result "0-1"]
[WhiteElo "2405"]
[BlackElo "2534"]
[PlyCount "94"]
[EventDate "2014.??.??"]
[WhiteClock "0:28:25"]
[BlackClock "0:40:53"]

1. d4 Nf6 2. Nf3 e6 3. c4 Bb4+ 4. Nbd2 O-O 5. a3 Be7 6. e3 b6 7. Bd3 Bb7 8. O-O
c5 9. b3 cxd4 10. exd4 d5 11. Qe2 Nbd7 12. Bb2 Rc8 13. Rfe1 Qc7 14. Rad1 Rfe8
15. Bb1 Bd6 16. Ne5 Nf8 17. Bd3 Ng6 18. Qe3 Qe7 19. Nb1 dxc4 20. bxc4 Bb8 21.
Nd2 Qc7 22. Ndf3 Nd7 23. Bxg6 hxg6 24. g3 Nxe5 25. Nxe5 f6 26. Nxg6 Qxc4 27. d5
Qc2 28. d6 Qc6 29. f3 Bxd6 30. Kg2 Qc2+ 31. Rd2 Qxg6 32. Rxd6 Bd5 33. Re2 Rc2
34. Bd4 Rec8 35. Rxd5 exd5 36. Qe6+ Qf7 37. Qe3 Rxe2+ 38. Qxe2 Qd7 39. Qd3 Qa4
40. Kh3 Qc2 41. Qb5 Qc6 42. Qd3 Qc4 43. Qf5 Re8 44. Qg6 Rf8 45. Bb2 Qf1+ 46.
Kg4 Qe2 47. Ba1 Rc8 0-1

[Event "Schachbundesliga 2013/2014"]
[Site "?"]
[Date "2014.03.15"]
[Round "11.4"]
[White "Grabarczyk, Miroslaw"]
[Black "Renner, Christoph"]
[Result "1/2-1/2"]
[WhiteElo "2465"]
[BlackElo "2389"]
[PlyCount "97"]
[EventDate "2014.??.??"]
[WhiteClock "0:49:44"]
[BlackClock "0:39:49"]

1. d4 Nf6 2. c4 e6 3. Nf3 d5 4. g3 Bb4+ 5. Bd2 Be7 6. Bg2 O-O 7. Qc2 c6 8. O-O
b6 9. Bg5 Bb7 10. Nbd2 h6 11. Bxf6 Bxf6 12. e4 Na6 13. Rfd1 Rc8 14. Rac1 c5 15.
dxc5 Nxc5 16. b4 dxe4 17. Ne1 Nd3 18. Nxe4 Bxe4 19. Bxe4 Nxe1 20. Rxd8 Nxc2 21.
Rxc8 Rxc8 22. Rxc2 Be7 23. a3 f5 24. Bb7 Rc7 25. Ba6 Kf7 26. f4 g5 27. Kf2 Kf6
28. Ke3 g4 29. h3 gxh3 30. Rh2 Bf8 31. Rxh3 e5 32. fxe5+ Kxe5 33. Rh2 Kf6 34.
Rd2 Kg5 35. Kf3 Bg7 36. Rd5 h5 37. Bb5 Bb2 38. Rd3 Kf6 39. Rd6+ Kg5 40. Rd3 Kf6
41. Rd6+ Ke5 42. Rd7 Rxd7 43. Bxd7 Bxa3 44. b5 Bd6 45. Be8 Kd4 46. Bxh5 Kxc4
47. Be8 Kc5 48. Bd7 Be5 49. Kg2 1/2-1/2

[Event "Schachbundesliga 2013/2014"]
[Site "?"]
[Date "2014.03.15"]
[Round "11.5"]
[White "Meister, Peter"]
[Black "Murdzia, Piotr"]
[Result "1/2-1/2"]
[WhiteElo "2399"]
[BlackElo "2449"]
[PlyCount "46"]
[EventDate "2014.??.??"]
[WhiteClock "0:42:41"]
[BlackClock "0:04:10"]

1. d4 d5 2. Nf3 Nf6 3. e3 c6 4. c4 e6 5. Nbd2 Nbd7 6. Bd3 Bd6 7. O-O O-O 8. e4
dxe4 9. Nxe4 Nxe4 10. Bxe4 Nf6 11. Bc2 c5 12. Qd3 h6 13. Rd1 Qc7 14. dxc5 Bxc5
15. b4 Bxb4 16. Bb2 Qd7 17. Qb3 Qe7 18. Ne5 a5 19. Qd3 Re8 20. Ba4 Rf8 21. Bc2
Re8 22. Ba4 Rf8 23. Bc2 Re8 1/2-1/2

[Event "Schachbundesliga 2013/2014"]
[Site "?"]
[Date "2014.03.15"]
[Round "11.6"]
[White "Grabarczyk, Bogdan"]
[Black "Zajogin, Alexander"]
[Result "0-1"]
[WhiteElo "2393"]
[BlackElo "2392"]
[PlyCount "82"]
[EventDate "2014.??.??"]
[WhiteClock "0:04:39"]
[BlackClock "0:12:36"]

1. e4 e5 2. Nf3 Nc6 3. Bc4 Bc5 4. c3 Nf6 5. d3 a6 6. Bb3 Ba7 7. Nbd2 O-O 8. h3
d6 9. Nh2 Nd7 10. Bc2 Nc5 11. O-O d5 12. Qf3 d4 13. Qg3 f5 14. exf5 Bxf5 15.
Ng4 Kh8 16. Ne4 Bxe4 17. dxe4 d3 18. b4 Nxe4 19. Qxd3 Qxd3 20. Bxd3 Nxc3 21.
Bb2 Nxb4 22. Bc4 Bd4 23. Rac1 Ne4 24. Bxd4 exd4 25. Ne5 Nc3 26. Rfe1 b5 27. Be6
Rf6 28. Bb3 Rf5 29. Ra1 c5 30. a3 Nbd5 31. Bc2 Rf6 32. Nd7 Rc6 33. Re5 g6 34.
Rae1 Rd8 35. Re8+ Rxe8 36. Rxe8+ Kg7 37. Ne5 Rc7 38. Ra8 c4 39. Rxa6 Re7 40.
Nc6 Re1+ 41. Kh2 d3 0-1

[Event "Schachbundesliga 2013/2014"]
[Site "?"]
[Date "2014.03.15"]
[Round "11.7"]
[White "Fedorovsky, Michael"]
[Black "Walter, Stefan"]
[Result "1-0"]
[WhiteElo "2385"]
[BlackElo "2343"]
[PlyCount "103"]
[EventDate "2014.??.??"]
[WhiteClock "0:46:35"]
[BlackClock "0:43:37"]

1. d4 Nf6 2. c4 e6 3. Nf3 d5 4. Nc3 Be7 5. cxd5 exd5 6. Bg5 c6 7. e3 Bf5 8. Bd3
Bxd3 9. Bxf6 Bxf6 10. Qxd3 Be7 11. O-O Nd7 12. Rab1 a5 13. a3 O-O 14. b4 axb4
15. axb4 Ra3 16. b5 Qa5 17. Rfc1 Bb4 18. Qf5 Nf6 19. bxc6 Rxc3 20. Rxc3 Bxc3
21. cxb7 Bb4 22. Qc8 Qa7 23. Ne5 Bd6 24. Nc6 Qa6 25. b8=Q Rxc8 26. Qxd6 Kh8 27.
Nd8 Qxd6 28. Nxf7+ Kg8 29. Nxd6 Rd8 30. Nf5 Ra8 31. g4 g6 32. g5 gxf5 33. gxf6
Kf7 34. Rb6 f4 35. Rd6 fxe3 36. fxe3 Ra1+ 37. Kf2 Ra2+ 38. Kg3 Re2 39. Kf4 Rxh2
40. Rxd5 Kxf6 41. Rd6+ Ke7 42. Ra6 Rh4+ 43. Kf5 Rh5+ 44. Kg4 Rh1 45. e4 Kf7 46.
d5 Rf1 47. e5 Rf2 48. Ra7+ Kg6 49. e6 Rd2 50. Rd7 Kf6 51. e7 Kf7 52. d6 1-0

[Event "Schachbundesliga 2013/2014"]
[Site "?"]
[Date "2014.03.15"]
[Round "11.8"]
[White "Koehler, Ronald"]
[Black "Reich, Thomas"]
[Result "1/2-1/2"]
[WhiteElo "2269"]
[BlackElo "2386"]
[PlyCount "38"]
[EventDate "2014.??.??"]
[WhiteClock "1:40:51"]
[BlackClock "1:07:33"]

1. d4 Nf6 2. c4 g6 3. Nc3 Bg7 4. e4 O-O 5. f4 d6 6. Nf3 Na6 7. Be2 e5 8. dxe5
dxe5 9. Nxe5 Nc5 10. Bf3 Qxd1+ 11. Kxd1 Rd8+ 12. Kc2 Nfxe4 13. Nxe4 Bf5 14. Re1
Bxe5 15. fxe5 Rd4 16. Kc3 Rd3+ 17. Kc2 Rd4 18. Kc3 Rd3+ 19. Kc2 Rd4 1/2-1/2

[Event "Schachbundesliga 2013/2014"]
[Site "?"]
[Date "2014.03.15"]
[Round "11.4"]
[White "Firman, Nazar"]
[Black "Andersen, Mads"]
[Result "1/2-1/2"]
[WhiteElo "2526"]
[BlackElo "2476"]
[PlyCount "104"]
[EventDate "2014.??.??"]
[WhiteClock "0:34:00"]
[BlackClock "0:21:00"]

1. e4 e5 2. Nf3 Nc6 3. Bb5 a6 4. Ba4 Nf6 5. O-O Nxe4 6. Re1 Nc5 7. Bxc6 dxc6 8.
Nxe5 Be7 9. d4 Ne6 10. Be3 O-O 11. Nc3 Re8 12. Qh5 f6 13. Qf7+ Kh8 14. Nd3 Bd6
15. Ne4 Bf8 16. Rad1 Re7 17. Qh5 Bd7 18. Qf3 Be8 19. Nec5 Nxc5 20. Nxc5 b6 21.
Nd3 Qd5 22. Qxd5 cxd5 23. Bf4 Rf7 24. h4 Kg8 25. Bg3 Rd7 26. Re6 Rc8 27. Rc6
Rf7 28. Rc3 c6 29. a4 Rb7 30. Re1 Bd7 31. Rb3 Re8 32. a5 b5 33. f3 Rxe1+ 34.
Nxe1 Bf5 35. Rc3 Bd7 36. Nd3 b4 37. Rb3 Bf5 38. Kf1 Bxd3+ 39. Rxd3 Be7 40. Rd1
Bd8 41. b3 Kf7 42. Bd6 Bxa5 43. Ra1 Rb5 44. g4 Ke6 45. Bf8 Kf7 46. Bd6 g6 47.
Ke2 Ke6 48. Bf8 Kf7 49. Bd6 Ke6 50. Bf8 h5 51. Kd3 Kf7 52. Bd6 Ke6 1/2-1/2

[Event "Schachbundesliga 2013/2014"]
[Site "?"]
[Date "2014.03.15"]
[Round "11.5"]
[White "Hoffmann, Michael"]
[Black "Siebrecht, Sebastian"]
[Result "1/2-1/2"]
[WhiteElo "2462"]
[BlackElo "2496"]
[PlyCount "55"]
[EventDate "2014.??.??"]
[WhiteClock "0:07:24"]
[BlackClock "0:07:42"]

1. d4 d6 2. e4 Nf6 3. Nc3 g6 4. Be3 c6 5. Nf3 Bg7 6. Qd2 Ng4 7. Bg5 h6 8. Bh4
Nf6 9. h3 O-O 10. Bd3 Qc7 11. e5 Nd5 12. O-O Nxc3 13. bxc3 Be6 14. Rfe1 d5 15.
Rab1 b6 16. Qe2 Re8 17. c4 Nd7 18. cxd5 cxd5 19. Rec1 Nf8 20. c3 Rac8 21. Ba6
Ra8 22. a4 f5 23. exf6 exf6 24. Qa2 f5 25. Bb5 Rec8 26. Ba6 Re8 27. Bb5 Rec8
28. Ba6 1/2-1/2

[Event "Schachbundesliga 2013/2014"]
[Site "?"]
[Date "2014.03.15"]
[Round "11.6"]
[White "Zaragatski, Ilja"]
[Black "Wegerle, Joerg"]
[Result "1-0"]
[WhiteElo "2510"]
[BlackElo "2438"]
[PlyCount "73"]
[EventDate "2014.??.??"]
[WhiteClock "0:01:47"]
[BlackClock "0:00:57"]

1. Nf3 d5 2. g3 Nf6 3. Bg2 c6 4. c4 Bg4 5. Ne5 Be6 6. cxd5 Bxd5 7. Nf3 c5 8.
Nc3 Bc6 9. O-O e6 10. Re1 Be7 11. e4 O-O 12. d4 cxd4 13. Nxd4 e5 14. Nxc6 Nxc6
15. Nd5 Nd4 16. f4 Bc5 17. Kh1 a5 18. fxe5 Nd7 19. Bf4 Re8 20. Rc1 b6 21. Qh5
Nf8 22. Bg5 Qb8 23. Rf1 Ng6 24. Rxf7 Qxe5 25. Rcf1 Re6 26. Nf6+ Rxf6 27. R1xf6
Ne6 28. Rf5 Qxb2 29. Rf1 Re8 30. Bc1 Qxa2 31. Qd5 Qxd5 32. exd5 Nd4 33. Rb7 Nb5
34. Bb2 Ne7 35. Bh3 Nd6 36. Be6+ Kh8 37. Rxe7 1-0

[Event "Schachbundesliga 2013/2014"]
[Site "?"]
[Date "2014.03.15"]
[Round "11.8"]
[White "Scholz, Christian"]
[Black "Hobusch, Jan"]
[Result "1/2-1/2"]
[WhiteElo "2379"]
[BlackElo "2117"]
[PlyCount "67"]
[EventDate "2014.??.??"]
[WhiteClock "0:02:00"]
[BlackClock "0:01:31"]

1. d4 d5 2. c4 dxc4 3. e4 Nc6 4. d5 Ne5 5. Bf4 Ng6 6. Be3 Nf6 7. Nc3 e6 8. Bxc4
exd5 9. exd5 a6 10. Nf3 Bd6 11. O-O O-O 12. h3 Re8 13. a4 Ne5 14. Nxe5 Bxe5 15.
Qb3 Qe7 16. Rfe1 Qf8 17. a5 Bd7 18. Na4 Bd6 19. Bf1 h6 20. Rec1 Ne4 21. Nc3 Qe7
22. Nxe4 Qxe4 23. Bc5 Be5 24. Re1 Qf4 25. g3 Qf6 26. Red1 Reb8 27. Rd2 b6 28.
axb6 cxb6 29. Bb4 Rc8 30. Ra3 Rc1 31. Rd1 Bd4 32. Be1 Rxd1 33. Qxd1 Bxb2 34.
Rf3 1/2-1/2

[Event "Schachbundesliga 2013/2014"]
[Site "?"]
[Date "2014.03.15"]
[Round "11.1"]
[White "Erdos, Viktor"]
[Black "Grandelius, Nils"]
[Result "1/2-1/2"]
[WhiteElo "2661"]
[BlackElo "2547"]
[PlyCount "73"]
[EventDate "2014.??.??"]
[WhiteClock "0:01:37"]
[BlackClock "0:01:06"]

1. Nf3 Nf6 2. c4 g6 3. g3 Bg7 4. Bg2 d5 5. O-O O-O 6. d4 dxc4 7. Na3 c3 8. bxc3
c5 9. Re1 cxd4 10. cxd4 Bf5 11. Ne5 Nc6 12. e4 Nxe5 13. exf5 Nc6 14. fxg6 hxg6
15. Rb1 Nd5 16. Rxb7 e6 17. Nc2 Na5 18. Rb2 Rc8 19. Bd2 Nc4 20. Rb3 Nxd2 21.
Qxd2 Rc4 22. Bxd5 Qxd5 23. Rd3 Ra4 24. a3 Qa2 25. Re2 Rd8 26. h4 Qd5 27. Nb4
Qa5 28. Qc2 Qb5 29. d5 exd5 30. h5 gxh5 31. Nxd5 Rd4 32. Rxd4 Bxd4 33. Ne7+ Kh8
34. Qe4 Bf6 35. Nf5 Rd1+ 36. Kh2 Qd5 37. a4 1/2-1/2

[Event "Schachbundesliga 2013/2014"]
[Site "?"]
[Date "2014.03.15"]
[Round "11.2"]
[White "Pruijssers, Roeland"]
[Black "Howell, David W L"]
[Result "0-1"]
[WhiteElo "2529"]
[BlackElo "2644"]
[PlyCount "74"]
[EventDate "2014.??.??"]
[WhiteClock "0:00:34"]
[BlackClock "0:00:31"]

1. e4 e5 2. Nf3 Nc6 3. Bc4 Nf6 4. d3 h6 5. O-O d6 6. c3 g6 7. h3 Bg7 8. Re1 O-O
9. Bb3 Re8 10. Nbd2 Na5 11. Ba4 Bd7 12. b4 b5 13. Bc2 Nb7 14. a4 a5 15. Rb1
bxa4 16. b5 c6 17. bxc6 Bxc6 18. d4 Qc7 19. Ba3 Rab8 20. Bxa4 Bd7 21. Bxd7 Nxd7
22. Qa4 Rec8 23. Rb5 Ra8 24. Reb1 Ra7 25. Nf1 Qc6 26. Ne3 Nf6 27. dxe5 dxe5 28.
Nxe5 Qxe4 29. N3c4 Nd8 30. Qd1 Ne8 31. Rb8 Ra8 32. Rxa8 Rxa8 33. Rb5 Ne6 34.
Qd7 Qe1+ 35. Kh2 Qxf2 36. Nxg6 Rd8 37. Qe7 Bf6 0-1

[Event "Schachbundesliga 2013/2014"]
[Site "?"]
[Date "2014.03.15"]
[Round "11.3"]
[White "Cyborowski, Lukasz"]
[Black "Burg, Twan"]
[Result "1/2-1/2"]
[WhiteElo "2526"]
[BlackElo "2499"]
[PlyCount "51"]
[EventDate "2014.??.??"]
[WhiteClock "0:16:51"]
[BlackClock "0:41:00"]

1. c4 Nf6 2. Nc3 e5 3. Nf3 Nc6 4. d3 Bc5 5. g3 d6 6. Bg2 O-O 7. O-O h6 8. Na4
Qe7 9. Nxc5 dxc5 10. Nd2 Nd4 11. Re1 Rd8 12. b3 a5 13. Bb2 Ra6 14. a3 Rad6 15.
Bc3 b6 16. b4 axb4 17. axb4 cxb4 18. Bxb4 c5 19. Bc3 Bf5 20. Qb1 Re6 21. Ra8
Bg4 22. Rxd8+ Qxd8 23. Kf1 Bf5 24. Kg1 Bg4 25. Kf1 Bf5 26. Kg1 1/2-1/2

[Event "Schachbundesliga 2013/2014"]
[Site "?"]
[Date "2014.03.15"]
[Round "11.4"]
[White "Hector, Jonny"]
[Black "Haslinger, Stewart G"]
[Result "1/2-1/2"]
[WhiteElo "2503"]
[BlackElo "2543"]
[PlyCount "107"]
[EventDate "2014.??.??"]
[WhiteClock "0:45:00"]
[BlackClock "0:29:00"]

1. e4 e5 2. Nf3 Nc6 3. Bc4 Bc5 4. c3 Nf6 5. d4 exd4 6. cxd4 Bb4+ 7. Nbd2 Nxe4
8. d5 Ne7 9. O-O Nxd2 10. Bxd2 Bxd2 11. d6 cxd6 12. Qxd2 d5 13. Bxd5 O-O 14.
Bb3 d5 15. Rfe1 Bg4 16. Qb4 Bxf3 17. Qxe7 Be4 18. Qxd8 Rfxd8 19. Rad1 Kf8 20.
f3 Bg6 21. Rxd5 Rac8 22. Rxd8+ Rxd8 23. h4 f6 24. Rc1 Ke7 25. Kf2 Rd2+ 26. Ke3
Rd3+ 27. Ke2 Rd4 28. Rc3 Kd7 29. g4 h5 30. Ke3 Rb4 31. a3 Rb6 32. Ba4+ Kd8 33.
b4 Re6+ 34. Kf2 hxg4 35. fxg4 Rd6 36. Bb5 a6 37. Be2 Be4 38. h5 Bc6 39. Kg3 Kd7
40. g5 fxg5 41. Kg4 Rd2 42. Re3 Rd5 43. Rd3 Rxd3 44. Bxd3 Ke6 45. Kxg5 Ke5 46.
Be2 Be8 47. Bf3 b6 48. Be2 b5 49. Bf3 Kd4 50. Bb7 Kc4 51. Bxa6 Kb3 52. Bxb5
Bxb5 53. Kg6 Kxa3 54. Kxg7 1/2-1/2

[Event "Schachbundesliga 2013/2014"]
[Site "?"]
[Date "2014.03.15"]
[Round "11.5"]
[White "Gordon, Stephen J"]
[Black "Janssen, Ruud"]
[Result "1-0"]
[WhiteElo "2526"]
[BlackElo "2471"]
[PlyCount "55"]
[EventDate "2014.??.??"]
[WhiteClock "0:44:00"]
[BlackClock "0:09:24"]

1. Nf3 d5 2. g3 c6 3. Bg2 Bg4 4. h3 Bh5 5. O-O Nd7 6. d3 e5 7. c4 dxc4 8. dxc4
Ngf6 9. Nc3 Bb4 10. Bd2 O-O 11. a3 Ba5 12. b4 Bc7 13. Nh4 Nb6 14. c5 Nc4 15.
Bg5 h6 16. Bxf6 Qxf6 17. Ne4 Qe6 18. g4 Bd8 19. Nf5 Bg6 20. Qb3 b5 21. Ned6 Nd2
22. Qxe6 fxe6 23. Bxc6 Nxf1 24. Bxa8 Nd2 25. Ng3 Bh4 26. Bc6 Bxg3 27. fxg3 Bb1
28. Bg2 1-0

[Event "Schachbundesliga 2013/2014"]
[Site "?"]
[Date "2014.03.15"]
[Round "11.6"]
[White "Zumsande, Martin"]
[Black "Jaracz, Pawel"]
[Result "1/2-1/2"]
[WhiteElo "2431"]
[BlackElo "2502"]
[PlyCount "45"]
[EventDate "2014.??.??"]
[WhiteClock "0:12:34"]
[BlackClock "0:11:47"]

1. e4 c5 2. c3 Nf6 3. e5 Nd5 4. d4 cxd4 5. Nf3 e6 6. cxd4 d6 7. Bc4 Be7 8. O-O
O-O 9. Qe2 b6 10. Qe4 Ba6 11. b3 Qc8 12. Bg5 Bb7 13. Nbd2 dxe5 14. dxe5 Nd7 15.
Bd3 f5 16. exf6 N7xf6 17. Qh4 h6 18. Bxh6 gxh6 19. Qg3+ Kh8 20. Ne5 Qc7 21.
Ng6+ Kg7 22. Ne5+ Kh8 23. Ng6+ 1/2-1/2

[Event "Schachbundesliga 2013/2014"]
[Site "?"]
[Date "2014.03.15"]
[Round "11.7"]
[White "Gonda, Laszlo"]
[Black "Kuipers, Stefan"]
[Result "1-0"]
[WhiteElo "2535"]
[BlackElo "2411"]
[PlyCount "39"]
[EventDate "2014.??.??"]
[WhiteClock "0:23:00"]
[BlackClock "0:38:00"]

1. Nf3 d5 2. c4 c6 3. e3 Nf6 4. Nc3 e6 5. b3 Nbd7 6. Qc2 Bd6 7. Bb2 O-O 8. Be2
Qe7 9. O-O a6 10. d4 e5 11. dxe5 Nxe5 12. cxd5 Bg4 13. Nd4 Bxe2 14. Ncxe2 Nxd5
15. Nf5 Qc7 16. Rad1 Rad8 17. e4 Ng4 18. exd5 Bxh2+ 19. Kh1 Bg1 20. d6 1-0

[Event "Schachbundesliga 2013/2014"]
[Site "?"]
[Date "2014.03.15"]
[Round "11.8"]
[White "Fiebig, Thomas"]
[Black "Seger, Ruediger"]
[Result "1/2-1/2"]
[WhiteElo "2405"]
[BlackElo "2374"]
[PlyCount "72"]
[EventDate "2014.??.??"]
[WhiteClock "0:25:00"]
[BlackClock "0:03:25"]

1. e4 c6 2. d4 d5 3. exd5 cxd5 4. c4 Nf6 5. Nc3 Nc6 6. Bg5 dxc4 7. Bxc4 h6 8.
Bh4 Qxd4 9. Qxd4 Nxd4 10. O-O-O e5 11. f4 Bg4 12. Nf3 Bxf3 13. gxf3 Rc8 14. Bf1
Nd7 15. fxe5 Ne6 16. Bb5 Nec5 17. Rd4 Be7 18. Rhd1 Bxh4 19. Bxd7+ Nxd7 20. Rxd7
O-O 21. Rxb7 Bf2 22. Kb1 Rfd8 23. Rxd8+ Rxd8 24. Ne4 Bd4 25. Nd6 Bxe5 26. Nxf7
Rb8 27. Rxa7 Rxb2+ 28. Kc1 Bd4 29. Ra4 Bf6 30. Nd6 Rxh2 31. Ne4 Be5 32. Kd1 Kf7
33. Ra5 Ke6 34. Nc5+ Kf7 35. Ne4 Ke6 36. Nc5+ Kf7 1/2-1/2

[Event "Schachbundesliga 2013/2014"]
[Site "?"]
[Date "2014.03.15"]
[Round "11.2"]
[White "Buhmann, Rainer"]
[Black "Fressinet, Laurent"]
[Result "1/2-1/2"]
[WhiteElo "2582"]
[BlackElo "2710"]
[PlyCount "149"]
[EventDate "2014.??.??"]
[WhiteClock "0:38:24"]
[BlackClock "0:14:55"]

1. Nf3 d5 2. d4 Nf6 3. c4 e6 4. g3 Bb4+ 5. Bd2 a5 6. Bg2 O-O 7. Qc2 c5 8. dxc5
d4 9. Bxb4 axb4 10. O-O Nc6 11. Nbd2 e5 12. Ng5 h6 13. Nge4 Ne8 14. a3 f5 15.
Nd6 Nxd6 16. cxd6 Qxd6 17. c5 Qf6 18. axb4 Be6 19. Ra4 e4 20. b5 Ne7 21. Rxa8
Rxa8 22. Nc4 Nd5 23. Rd1 Qe7 24. Na3 Rc8 25. Rxd4 Rxc5 26. Qd2 Qc7 27. Bf1 Nf6
28. Rd8+ Kf7 29. Qd6 Qxd6 30. Rxd6 Rc1 31. e3 f4 32. Rxe6 Kxe6 33. gxf4 Kd5 34.
Kg2 Kc5 35. b3 Rc3 36. Nc4 b6 37. Nb2 Rxb3 38. Na4+ Kd6 39. Nxb6 Kc7 40. Bc4
Rb1 41. Nd5+ Kd6 42. Nxf6 gxf6 43. h3 Kc5 44. Be2 Rb2 45. Bh5 Rxb5 46. Bg6 Kd5
47. f3 exf3+ 48. Kxf3 Ke6 49. e4 Ke7 50. Kg4 Kf8 51. Bf5 Kg7 52. Kh5 Rb2 53.
Kg4 Rg2+ 54. Kh5 Rg1 55. Kh4 Rf1 56. Kg4 h5+ 57. Kxh5 Rxf4 58. Bg6 Rf1 59. Bf5
Rg1 60. Bg4 Rg2 61. Bf5 Rg5+ 62. Kh4 Kf7 63. Bg4 Kg6 64. Bf5+ Kh6 65. Bg4 Rg7
66. Bf5 Rg1 67. Be6 Kg6 68. Bf5+ Kf7 69. Bg4 Ke7 70. Kh5 Kd6 71. Kg6 Ke5 72.
Kf7 Rf1 73. Bf5 Rf2 74. Kg6 Rg2+ 75. Kf7 1/2-1/2

[Event "Schachbundesliga 2013/2014"]
[Site "?"]
[Date "2014.03.15"]
[Round "11.3"]
[White "Areshchenko, Alexander"]
[Black "Baramidze, David"]
[Result "1/2-1/2"]
[WhiteElo "2714"]
[BlackElo "2613"]
[PlyCount "47"]
[EventDate "2014.??.??"]
[WhiteClock "0:25:53"]
[BlackClock "0:09:35"]

1. e4 e5 2. Nf3 Nc6 3. Bb5 a6 4. Ba4 Nf6 5. O-O Be7 6. d3 b5 7. Bb3 O-O 8. Re1
d6 9. a4 Na5 10. Ba2 c5 11. c3 Rb8 12. Nbd2 h6 13. Nf1 b4 14. d4 cxd4 15. cxd4
b3 16. Bb1 Bg4 17. Ne3 Bxf3 18. Qxf3 Nc6 19. Nf5 Nxd4 20. Nxd4 exd4 21. Qd3 a5
22. Qxd4 Nd7 23. Qd1 Nc5 24. Bd3 1/2-1/2

[Event "Schachbundesliga 2013/2014"]
[Site "?"]
[Date "2014.03.15"]
[Round "11.4"]
[White "Saric, Ivan"]
[Black "Hracek, Zbynek"]
[Result "1/2-1/2"]
[WhiteElo "2628"]
[BlackElo "2636"]
[PlyCount "75"]
[EventDate "2014.??.??"]
[WhiteClock "0:04:56"]
[BlackClock "0:10:25"]

1. e4 e5 2. Nf3 Nc6 3. Bb5 Nf6 4. O-O Nxe4 5. Re1 Nd6 6. Nxe5 Be7 7. Bf1 Nxe5
8. Rxe5 O-O 9. d4 Ne8 10. d5 Bc5 11. Re1 d6 12. Nc3 Nf6 13. Na4 Bf5 14. Nxc5
dxc5 15. c4 Qd7 16. Qf3 Rfe8 17. Bf4 Bg6 18. Rxe8+ Nxe8 19. Re1 Nd6 20. Qa3 b6
21. b4 cxb4 22. Qxb4 Re8 23. Rxe8+ Nxe8 24. Qa3 a5 25. Qe3 Kf8 26. Qd4 Qe7 27.
Be3 Qa3 28. c5 Qxc5 29. Qxc5+ bxc5 30. Bxc5+ Nd6 31. Bb5 Ke7 32. f3 Bb1 33. a3
Kd8 34. Bc6 Nf5 35. Bf2 Bc2 36. Bb5 Nd6 37. Bc6 Nf5 38. Bb5 1/2-1/2

[Event "Schachbundesliga 2013/2014"]
[Site "?"]
[Date "2014.03.15"]
[Round "11.5"]
[White "Nyback, Tomi"]
[Black "Ribli, Zoltan"]
[Result "1-0"]
[WhiteElo "2599"]
[BlackElo "2584"]
[PlyCount "85"]
[EventDate "2014.??.??"]
[WhiteClock "1:15:10"]
[BlackClock "0:43:25"]

1. d4 Nf6 2. c4 e6 3. g3 Bb4+ 4. Bd2 Be7 5. Bg2 d5 6. Nf3 O-O 7. O-O c6 8. Qc2
b6 9. Rd1 Nbd7 10. Bf4 Ba6 11. Ne5 Rc8 12. Nc3 Bxc4 13. Nxc4 dxc4 14. e4 b5 15.
d5 cxd5 16. exd5 e5 17. Bg5 Qb6 18. Bh3 Bc5 19. Bxf6 Nxf6 20. Bxc8 Rxc8 21. a4
a6 22. axb5 axb5 23. Qf5 Re8 24. d6 Bxd6 25. Nd5 Nxd5 26. Rxd5 Qc6 27. Rad1 Re6
28. Qg5 f6 29. Qf5 Bf8 30. Rxb5 g6 31. Qh3 e4 32. Rb8 f5 33. Rdd8 Rf6 34. Qh6
Qc5 35. Rd7 Rf7 36. Rxf7 Kxf7 37. Qxh7+ Kf6 38. Qh8+ Kf7 39. Rb7+ Be7 40. Qc3
Ke6 41. Qg7 g5 42. Qg6+ Ke5 43. Qf7 1-0

[Event "Schachbundesliga 2013/2014"]
[Site "?"]
[Date "2014.03.15"]
[Round "11.6"]
[White "Banusz, Tamas"]
[Black "Babula, Vlastimil"]
[Result "1-0"]
[WhiteElo "2596"]
[BlackElo "2569"]
[PlyCount "79"]
[EventDate "2014.??.??"]
[WhiteClock "0:00:38"]
[BlackClock "0:03:50"]

1. c4 c5 2. Nf3 Nc6 3. d4 cxd4 4. Nxd4 Nf6 5. Nc3 e6 6. a3 Be7 7. e4 O-O 8. Nf3
d6 9. Be2 b6 10. Bf4 Bb7 11. O-O Ne5 12. Nd2 Rc8 13. Re1 Qc7 14. Rc1 Qb8 15.
Bg3 Qa8 16. Bf1 Rfd8 17. Kh1 h6 18. f4 Ng6 19. Qe2 Rd7 20. b4 Bf8 21. h3 Rcd8
22. Bh2 d5 23. cxd5 exd5 24. e5 d4 25. exf6 dxc3 26. Nc4 Rd2 27. Qg4 h5 28. Qg3
R8d3 29. Re3 Rxe3 30. Nxe3 Bd6 31. Rxc3 Bxf4 32. Qe1 Bxe3 33. Rxe3 Bxg2+ 34.
Kg1 Qd5 35. Be2 Be4 36. Rxe4 gxf6 37. Bf3 Kg7 38. Bg3 Ra2 39. Re2 Rxe2 40. Bxd5
1-0

[Event "Schachbundesliga 2013/2014"]
[Site "?"]
[Date "2014.03.15"]
[Round "11.7"]
[White "Bluebaum, Matthias"]
[Black "Rau, Hannes"]
[Result "1-0"]
[WhiteElo "2510"]
[BlackElo "2458"]
[PlyCount "87"]
[EventDate "2014.??.??"]
[WhiteClock "0:48:53"]
[BlackClock "0:39:20"]

1. d4 Nf6 2. c4 e6 3. Nf3 Bb4+ 4. Nbd2 b6 5. a3 Bxd2+ 6. Qxd2 Bb7 7. g3 O-O 8.
Bg2 d6 9. O-O Nbd7 10. b4 a5 11. Bb2 Be4 12. b5 a4 13. Bh3 d5 14. Ne5 dxc4 15.
Nxc4 Bd5 16. Qc2 Ne4 17. Ne3 Ndf6 18. Rac1 Ng5 19. Bg2 Bxg2 20. Kxg2 Nd5 21.
Nxd5 exd5 22. h4 Ne4 23. Qxc7 Nd2 24. Rfd1 Nc4 25. Rxc4 dxc4 26. Qxc4 Rc8 27.
Qd3 Qd5+ 28. e4 Qc4 29. d5 Qxd3 30. Rxd3 Rc5 31. Bc3 Rd8 32. Bb4 Rxb5 33. Rd4
f6 34. Rc4 Rd7 35. Kf1 Kf7 36. Ke2 Ra7 37. Kd3 f5 38. f3 fxe4+ 39. fxe4 Rd7 40.
Kc3 Kg6 41. Rc6+ Kf7 42. Kc4 Rxb4+ 43. Kxb4 Re7 44. Re6 1-0

[Event "Schachbundesliga 2013/2014"]
[Site "?"]
[Date "2014.03.15"]
[Round "11.8"]
[White "Boguslavskyy, Oleg"]
[Black "Fish, Gennadij"]
[Result "1/2-1/2"]
[WhiteElo "2442"]
[BlackElo "2464"]
[PlyCount "42"]
[EventDate "2014.??.??"]
[WhiteClock "0:25:53"]
[BlackClock "0:23:57"]

1. e4 e5 2. Nf3 Nc6 3. Bb5 Nd4 4. Nxd4 exd4 5. O-O Bc5 6. b4 Bxb4 7. Bb2 Ne7 8.
Bxd4 O-O 9. Qc1 c5 10. a3 Bxd2 11. Qxd2 cxd4 12. Qxd4 d5 13. Re1 Be6 14. Nc3
Rc8 15. Rad1 a6 16. Bf1 dxe4 17. Qe3 Qc7 18. Nxe4 Nd5 19. Qf3 Qf4 20. Qxf4 Nxf4
21. Nd6 Rxc2 1/2-1/2

[Event "Schachbundesliga 2013/2014"]
[Site "?"]
[Date "2014.03.15"]
[Round "11.1"]
[White "Kravtsiv, Martyn"]
[Black "Adams, Michael"]
[Result "1/2-1/2"]
[WhiteElo "2609"]
[BlackElo "2753"]
[PlyCount "46"]
[EventDate "2014.??.??"]
[WhiteClock "0:26:04"]
[BlackClock "0:07:04"]

1. e4 e5 2. Nf3 Nc6 3. Nc3 Nf6 4. d4 exd4 5. Nxd4 Bb4 6. Nxc6 bxc6 7. Bd3 d5 8.
exd5 cxd5 9. O-O O-O 10. h3 Re8 11. Qf3 Rb8 12. Bg5 Be7 13. Rfe1 Be6 14. Rad1
c6 15. Na4 h6 16. Bf4 Bd6 17. b3 Rb7 18. c4 Rbe7 19. Re2 Bxf4 20. Qxf4 Qa5 21.
cxd5 Nxd5 22. Qd4 Qc7 23. Re5 Nb6 1/2-1/2

[Event "Schachbundesliga 2013/2014"]
[Site "?"]
[Date "2014.03.15"]
[Round "11.2"]
[White "Bacrot, Etienne"]
[Black "Van Kampen, Robin"]
[Result "1/2-1/2"]
[WhiteElo "2730"]
[BlackElo "2607"]
[PlyCount "48"]
[EventDate "2014.??.??"]
[WhiteClock "0:53:34"]
[BlackClock "0:37:21"]

1. Nf3 d5 2. d4 Nf6 3. c4 dxc4 4. e3 b5 5. a4 b4 6. Bxc4 e6 7. Nbd2 Bb7 8. O-O
Be7 9. a5 a6 10. Qe2 O-O 11. Rd1 Nbd7 12. e4 c5 13. e5 Nd5 14. Ne4 Qc7 15. Ng3
Rfc8 16. h4 h6 17. h5 Kh8 18. Nf1 cxd4 19. Rxd4 Bc5 20. Rg4 f5 21. Rh4 Be7 22.
Rd4 Bc5 23. Rh4 Be7 24. Rd4 Bc5 1/2-1/2